000 01026nam a22002417a 4500
999 _c6924
_d6924
003 AR-CdUCM
008 190319b ||||| |||| 00| 0 spa d
040 _aMUNICIPALIDAD PROVINCIAL DEL CUSCO
_cBIBLIOTECA MUNICIPAL DEL CUSCO
041 _heng
082 _a709 /
_bUN57
110 _aUnited Nations Eduational, Scientific and Cultural Organization
_919206
245 _aMiniaturas checoslovacas románicas y góticas /
260 _aMéxico-Buenos Aires
_bEditorial Hermes,
_c1964.
300 _a28 páginas ;
_bIlustraciones en color, desplegables
_c17 cm.
440 _aUnesco-Hermes Bolsilibros de Arte
_n12
_919510
505 _aContenido : Texto de Jan Kvet -- Evangeliario de Vysehrad -- Evangeliario de la Biblioteca capitular de San Vito -- San Augustín, De Civitate dei -- San Augustín, De Civitate dei -- Salterio de Ostrov...
650 _aArte
_9561
650 _aHistoria del arte
_91647
650 _aArte Checoslovaco
_919511
700 _aJan Kvet
_919512
942 _2ddc
_cLIBROS
945 _admma